000 00357nam a2200145Ia 4500
008 191201s2003 xx 000 0 und d
082 _a621.3191
_bJAT
100 _aJAIN, N K
245 2 _aA Text book of Practicals in Electronics
250 _a1st
260 _aN.Delhi
_bKhanna Publisher
_c2003
300 _a196
650 _aB.Tech(ECE)
942 _2ddc
_cBK
999 _c858
_d858